Регионална библиотека "Любен Каравелов" - Русе

Тетрадка химия и опазване на околната среда 9. клас (Запис номер 517383)

MARC детайли
000 -Лидер
Лидер 01920aam a2200313 a 4500
003 - Код на организацията, давaща контролен номер
Код на организацията, даваща контролен номер BLK
005 - Дата и час на последна редакция
Дата и час на последна редакция 20240919134940.0
008 - Елементи от данни с фиксирана дължина
Елементи с фиксирана дължина 180914b bul||||| |||| 00| 0 bul d
020 ## - Международен стандартен номер на книга ISBN
ISBN 9786192224035
040 ## - Източник на каталожния запис
Код на библиотеката BLK
041 ## - Код за език
Език Български
Език за КДБФ Български
080 ## - УДК
УДК текст Химия. Кристалография. Минералогия. Вж и 577.1; 66; 612.015; 631.41
УДК код 54
УДК – код + определител 54(076)(075.3)
9 (RLIN) 241032
100 ## - Редна дума - Автор
Автор Боянова, Лиляна
Пълна форма на името Йорданова, Лиляна Боянова
R(LIN) 366905
245 ## - Сведения за заглавието
Заглавие Тетрадка химия и опазване на околната среда 9. клас
Подзаглавни данни и втора част за 9. клас при обучение с интензивно изучаване на чужд език
Авторска отговорност Лиляна Боянова и др.
250 ## - Област на изданието
Поредност на изданието 2. изд.
257 ## - Страна на издаване
Страна на създаване/издаване България
260 ## - Област на издателските данни
Място на издаване София
Име на издателя Просвета плюс
Година на издаване 2024
300 ## - Физическа характеристика
Брой страници 56 с.
Илюстрации с ил., табл.
Размер 29 см
380 ## - Жанр
Жанр Естествени науки. Математика
500 ## - Общи забележки
Обща забележка Загл. в изд. каре: Тетрадка по химия и опазване на околната среда за 9. клас<br/>Други авт.: Красимир Николов, Ивайло Ушагелов, Емилия Тодорова<br/>Пълната форма на името на авт. Лиляна Боянова е Лиляна Боянова Йорданова<br/>1. изд. 2018<br/>Комплект с учебник, кн. за учителя
650 #0 - Допълнително описание по предмет – тема
9 (RLIN) 416584
Предметна рубрика Химия – учебни помагала за средни училища
653 #7 - Ключова дума – ненормативна
9 (RLIN) 199101
Ключови думи учебни тетрадки
700 ## - Други автори (авторска отговорност)
9 (RLIN) 389755
Друг автор Николов, Красимир Йорданов
700 ## - Други автори (авторска отговорност)
9 (RLIN) 389756
Друг автор Ушагелов, Ивайло Стоянов
700 ## - Други автори (авторска отговорност)
9 (RLIN) 389757
Друг автор Тодорова, Емилия Стефанова
852 ## - Местоположение
Сигнатура (форматна) Цб ІІ 33270
Отдел Хранилище
942 ## - АРТИКУЛИ
Вид на библиотечния документ Книги
Източник на класификационната схема Universal Decimal Classification
Скрит в OPAC Не
944 ## - СЪЗДАВАНЕ И РЕДАКЦИЯ на ЗАПИСА
Служител, извършил регистрацията/редакцията 30550
Номер на служител Кети Илиева
Дата на регистрацията/редакция Кети Илиева
Създаване/Редакция
999 ## - СИСТЕМНИ КОНТРОЛНИ НОМЕРА
Koha biblionumber 517383
Koha biblioitemnumber 517383
Наличности
Код за отписване Код за изгубен артикул Източник на класификационната схема Код за повреда Коз за рестрикции Код за отдаване Артикулен № Име на библиотеката - собственик Име на библиотеката, в която се намира в момента Статус (Текущо местоположение) Дата на вписване в системата Местоположение - отдел Цена в лева Инвентарен номер Систематично азбучна сигнатура Баркод Цена в евро Служебен тип на артикула
  Не е изгубен Universal Decimal Classification Не е повреден само за читалня ползва се в читалня 949546 Регионална библиотека "Любен Каравелов" Русе Регионална библиотека "Любен Каравелов" Русе Хранилище 2024-09-20 Хранилище 4.90 120000912913 Цб ІІ 33270 120000912913 2.51 Книги
Vip Innovations Ltd, Rousse, Bulgaria 2025